Chính sách biển của Việt Nam trong tiến trình hội nhập quốc tế : Lý luận thực tiễn
Nội dung sách gồm các công trình nghiên cứu có liên quan đến chính sách biển của Việt Nam; nhà nước và công cụ quản lý của nhà nước đối với biển đảo; những quan điểm học thuyết xây dựng chính sách biển; những định hướng cơ bản của chi...
Gespeichert in:
| 1. Verfasser: | |
|---|---|
| Format: | Buch |
| Sprache: | Undetermined |
| Veröffentlicht: |
Hà Nội
Khoa học xã hội
2018
|
| Schlagworte: | |
| Tags: |
Tag hinzufügen
Keine Tags, Fügen Sie den ersten Tag hinzu!
|
| Thư viện lưu trữ: | Trung tâm Học liệu Trường Đại học Cần Thơ |
|---|
| LEADER | 01139nam a2200229Ia 4500 | ||
|---|---|---|---|
| 001 | CTU_229585 | ||
| 008 | 210402s9999 xx 000 0 und d | ||
| 082 | |a 327.1 | ||
| 082 | |b M312 | ||
| 100 | |a Nguyễn, Thanh Minh | ||
| 245 | 0 | |a Chính sách biển của Việt Nam trong tiến trình hội nhập quốc tế : | |
| 245 | 0 | |b Lý luận thực tiễn | |
| 245 | 0 | |c Nguyễn Thanh Minh | |
| 260 | |a Hà Nội | ||
| 260 | |b Khoa học xã hội | ||
| 260 | |c 2018 | ||
| 520 | |a Nội dung sách gồm các công trình nghiên cứu có liên quan đến chính sách biển của Việt Nam; nhà nước và công cụ quản lý của nhà nước đối với biển đảo; những quan điểm học thuyết xây dựng chính sách biển; những định hướng cơ bản của chính sách biển Việt Nam và một số giải pháp. | ||
| 650 | |a International relations,Island | ||
| 650 | |z Vietnam | ||
| 904 | |i Tuyến | ||
| 910 | |a Tuyến | ||
| 980 | |a Trung tâm Học liệu Trường Đại học Cần Thơ | ||